000 00861cab a2200241 4500
001 ABS56675
008 090401t1997 xxu||||| |||| 00| 0 eng d
035 _a(Sirsi) u77126
041 _aeng
100 _aLove, T.
245 _aNew light construction technologies for residential and small commercial buildings
260 _c1997
350 _a0
490 _aAppraisal Journal
_v(1) January 1997, 32-37(6)
520 _aA review of technological changes in light construction grouped by material. Covers timber, concrete, light steel and plastics technologies. Finally provides a review of mechanical equipment technologies.
650 _aGLUE-LAMINATED BEAMS
650 _aGLULAM
650 _aLAMINATED VENEER TIMBER
650 _aLIGHT CONSTRUCTION
690 _aBUILT ENVIRONMENT-BUILDING MATERIALS
942 _n0
948 _c17/03/1997
999 _c48479
_d48479